Saint-Etienne Scorers in Ligue 1 2019-20 - Statistics

General Stats
  • This quiz has been taken 63 times
  • The average score is 6 of 11
Answer Stats
Player Goals % Correct
Romain Hamouma 6
88%
Wahbi Khazri 3
85%
Denis Bouanga 10
71%
Robert Berić 1
63%
Mathieu Debuchy 1
54%
Arnaud Nordin 1
53%
Lois Diony 2
53%
Ryad Boudebouz 1
49%
Wesley Fofana 1
37%
Miguel Trauco 1
36%
Jean-Eudes Aholou 1
14%
No matching quizzes found
Score Distribution
Percent of People with Each Score
Percentile by Number Answered
Your Score History
You have not taken this quiz